Normal view MARC view
  • Leon A Wortman

Entry Personal Name

Number of records used in: 1

001 - CONTROL NUMBER

  • control field: 130741

003 - CONTROL NUMBER IDENTIFIER

  • control field: NUST

005 - DATE AND TIME OF LATEST TRANSACTION

  • control field: 20250926175647.0

008 - FIXED-LENGTH DATA ELEMENTS

  • fixed length control field: 250926|| aca||aabn | a|a d

040 ## - CATALOGING SOURCE

  • Original cataloging agency: NUST
  • Transcribing agency: NUST

100 ## - HEADING--PERSONAL NAME

  • Personal name: Leon A Wortman

670 ## - SOURCE DATA FOUND

  • Source citation: Work cat.: (NUST)183404: Wortman Leon A 78255, Closed Circuits Television Handbook/, 1964
© 2023 Central Library, National University of Sciences and Technology. All Rights Reserved.